Szczegóły MARC21

Die Frau am Pranger ; Das Geständnis ; Die Geschwister : drei Erzählungen /

003 -Nazwa inst., której nr kontr. jest w polu 001 [,]
    • @
    • Nazwa instytucji, której n kontrolny jest w polu 001
    • NUKAT
005 -DATA I CZAS OSTATNIEJ MODYFIKACJI [,]
    • @
    • pole kontrolne
    • 20241231100257.0
040 -Instytucja sporządzająca opis [ , ]
    • a
    • Instytucja, która sporządziła opis (NP)
    • LUBL U/Gbo
    • c
    • Instytucja, która sporządziła rekord (NP)
    • LUBL U/Gbos
    • d
    • Instytucja, która zmodyfikowała rekord (P)
    • LUBL U/Mko
942 -Rodzaj dokumentu [ , ]
    • c
    • Rodzaj dokumentu
    • Książka
100 -Hasło główne - nazwa osobowa [1, ]
    • a
    • Nazwa osobowa (NP)
    • Reimann, Brigitte
    • d
    • Daty biograficzne (NP)
    • (1933-1973).
    • 9
    • KHW
    • 250242
240 -Tytuł ujednolicony [1,0]
    • a
    • Tytuł ujednolicony
    • Frau am Pranger
    • l
    • Język tekstu
    • (niem.)
    • 9
    • KHW
    • 634139
245 -Strefa tytułu i oznaczenia odpowiedzialności [1,4]
    • a
    • Tytuł
    • Die Frau am Pranger ; Find
    • b
    • Ciąg dalszy tytułu (NP)
    • Das Geständnis ; Die Geschwister : drei Erzählungen / Find
    • c
    • Pozostałe elementy strefy tytułu i oznaczenia odpowiedzialności (NP)
    • Brigitte Reimann.
246 -Wariant tytułu [1,8]
    • a
    • Tytuł (NP)
    • Drei Erzählungen
250 -Strefa wydania [ , ]
    • a
    • Oznaczenie wydania (NP)
    • 3. Aufl.
260 -Strefa adresu wydawniczego [ , ]
    • a
    • Miejsce wydania (P)
    • Berlin :
    • b
    • Nazwa wydawcy (P)
    • Verlag Neues Leben,
    • c
    • Data wydania (P)
    • 1985.
300 -Strefa opisu fizycznego [ , ]
    • a
    • Określenie formy książki i/lub objętość (NP)
    • 332, [2] s. ;
    • c
    • Format (NP)
    • 21 cm.
336 -Typ zawartości [ , ]
    • a
    • Termin opisujący typ zawartości
    • Tekst
    • b
    • Kod określający zawartość
    • txt
    • 2
    • Źródło (terminu i kodu)
    • rdacontent
337 -Typ mediów [ , ]
    • a
    • Tryb odtwarzania
    • Bez urządzenia pośredniczącego
    • b
    • Kod typu mediów
    • n
    • 2
    • Źródło (terminu i kodu)
    • rdamedia
338 -Typ/rodzaj nośnika [ , ]
    • a
    • Hasło opisujące typ nośnika
    • Wolumin
    • b
    • Kod typu nośnika
    • nc
    • 2
    • Źródło (terminu i kodu)
    • rdacarrier
080 -Uniwersalna Klasyfikacja Dziesiętna [ , ]
    • a
    • Symbol klasyfikacji
    • 830-32=30
655 -Hasło w funkcji tematu formalnego [ ,7]
    • a
    • Hasło
    • Nowele niemieckie
    • y
    • Określnik chronologiczny
    • 1945-1970.
    • 2
    • Źródło terminu
    • kaba
    • 9
    • KHW
    • 359189
980 -Symbol UKD [ , ]
    • a
    • UKD
    • 830-32=30
700 -Hasło dodatkowe - nazwa osobowa [1,2]
    • a
    • Nazwa osobowa (NP)
    • Reimann, Brigitte Find
    • d
    • Daty biograficzne (NP)
    • (1933-1973).
    • t
    • Tytuł ujednolicony/tytuł (NP)
    • Geständnis Find
    • l
    • Język tekstu (NP)
    • (niem.)
    • 9
    • KHW
    • 634136
700 -Hasło dodatkowe - nazwa osobowa [1,2]
    • a
    • Nazwa osobowa (NP)
    • Reimann, Brigitte Find
    • d
    • Daty biograficzne (NP)
    • (1933-1973).
    • t
    • Tytuł ujednolicony/tytuł (NP)
    • Geschwister Find
    • l
    • Język tekstu (NP)
    • (niem.)
    • 9
    • KHW
    • 634137
Sygnatura Numer inwentarzowy Status udost. Data inwentaryzacji Lokalizacja
Germ. Opowiadania niemieckieG.239-32002-07-22BM